<?xml version="1.0" encoding="UTF-8"?>
<collection xmlns:xsi="http://www.w3.org/2001/XMLSchema-instance" xsi:schemaLocation="http://www.loc.gov/MARC21/slim http://www.loc.gov/standards/marcxml/schema/MARC21slim.xsd" xmlns="http://www.loc.gov/MARC21/slim">
 <record>
  <leader>00000cab a22000004cb4500</leader>
  <controlfield tag="001">IPP-00000663015</controlfield>
  <controlfield tag="003">IPP</controlfield>
  <controlfield tag="005">20250904141158.0</controlfield>
  <controlfield tag="008">250904s2025    xx     d | ||r |||||eng||</controlfield>
  <datafield tag="041" ind1="#" ind2="#">
   <subfield code="a">eng</subfield>
  </datafield>
  <datafield tag="100" ind1="1" ind2="#">
   <subfield code="a">Kumareswaran, Suriya</subfield>
  </datafield>
  <datafield tag="245" ind1="1" ind2="0">
   <subfield code="a">Effects of aerobic exercise on burnout syndrome</subfield>
   <subfield code="b">a systematic review of interventions and outcomes</subfield>
  </datafield>
  <datafield tag="264" ind1="#" ind2="1">
   <subfield code="c">2025</subfield>
  </datafield>
  <datafield tag="520" ind1="#" ind2="#">
   <subfield code="a">This systematic review explores the impact of aerobic exercise on burnout syndrome, focusing on its effectiveness, mechanisms, and application. A search of seven databases – including PubMed, PsycINFO, and Scopus – identified 5,130 studies published between 2010–2024, of which five met the inclusion criteria, encompassing 347 participants. Burnout was measured using established tools like the Maslach Burnout Inventory and the Shirom-Melamed Burnout Measure, whereas bias risk was assessed with the Quality Assessment Tool for Quantitative Studies. Findings consistently demonstrated that aerobic exercise – including jogging – and cycling significantly reduced burnout dimensions such as emotional exhaustion and depersonalization, whereas improving psychological well-being and job satisfaction among various populations – including healthcare workers, university students, and employees in high-stress occupations. However, inconsistencies in exercise parameters such as frequency, intensity, and duration – coupled with small sample sizes and a lack of intention-to-treat analyses – limit the generalizability of results. Despite these challenges, aerobic exercise demonstrated considerable potential as an intervention for mitigating burnout symptoms and enhancing mental health. Future research should focus on refining exercise protocols, identifying optimal parameters, and conducting long-term evaluations to explore sustained impacts. Overall, aerobic exercise represents a promising, scalable approach for addressing burnout, offering both physical and psychological benefits across diverse populations.</subfield>
  </datafield>
  <datafield tag="650" ind1="1" ind2="0">
   <subfield code="a">Aerobics</subfield>
  </datafield>
  <datafield tag="650" ind1="2" ind2="0">
   <subfield code="a">Physical activity</subfield>
  </datafield>
  <datafield tag="650" ind1="2" ind2="0">
   <subfield code="a">Burnout (Psychology)</subfield>
  </datafield>
  <datafield tag="650" ind1="2" ind2="0">
   <subfield code="a">Stress</subfield>
  </datafield>
  <datafield tag="650" ind1="2" ind2="0">
   <subfield code="a">Stress (Psychology)</subfield>
  </datafield>
  <datafield tag="650" ind1="2" ind2="0">
   <subfield code="a">Stress management</subfield>
  </datafield>
  <datafield tag="700" ind1="1" ind2="#">
   <subfield code="a">Sundram, Bala Murali</subfield>
  </datafield>
  <datafield tag="773" ind1="0" ind2="#">
   <subfield code="t">Philippine Journal of Science</subfield>
   <subfield code="g">Vol. 154, no. 2 (Apr. 2025), 465-474</subfield>
  </datafield>
  <datafield tag="942" ind1="#" ind2="#">
   <subfield code="a">Article</subfield>
  </datafield>
  <datafield tag="950" ind1="#" ind2="#">
   <subfield code="a">FI</subfield>
  </datafield>
 </record>
</collection>
